Random Order: Capitals of Oceana - Statistics

General Stats
  • This quiz has been taken 1,180 times
  • The average score is 11 of 14
Answer Stats
Country Capital % Correct
Australia Canberra
97%
New Zealand Wellington
97%
Papua New Guinea Port Moresby
87%
Fiji Suva
84%
Samoa Apia
79%
Tuvalu Funafuti
74%
Vanuatu Port Vila
74%
Nauru Yaren
72%
Kiribati South Tarawa
71%
Tonga Nuku'alofa
70%
F. S. Micronesia Palikir
69%
Solomon Islands Honiara
68%
Marshall Islands Majuro
68%
Palau Ngerulmud
67%
No matching quizzes found
Score Distribution
Percent of People with Each Score
Percentile by Number Answered
Your Score History
You have not taken this quiz